|
|
|
|
| LEADER |
01940nam a2200385 a 4500 |
| 001 |
18785 |
| 003 |
BD-DhAAL |
| 008 |
090708s2003 nyu b 001 0 eng d |
| 010 |
|
|
|a 2002023148
|
| 020 |
|
|
|a 9780393324396
|
| 020 |
|
|
|a 0393324397
|
| 020 |
|
|
|a 0393051242
|
| 040 |
|
|
|a DLC
|c DLC
|d DLC
|d BD-DhAAL
|
| 082 |
0 |
0 |
|a 337
|2 21
|
| 100 |
1 |
|
|a Stiglitz, Joseph E.
|9 51631
|
| 245 |
1 |
0 |
|a Globalization and its discontents /
|c Joseph E. Stiglitz.
|
| 250 |
|
|
|a First edition.
|
| 260 |
|
|
|a New York :
|b W. W. Norton,
|c c2003.
|
| 300 |
|
|
|a xxii, 288 pages ;
|c 25 cm.
|
| 504 |
|
|
|a Includes bibliographical references and index.
|
| 526 |
|
|
|a ESS
|x Fahmida Saadia Rahman
Department of ESS.
Course name and no. N/A (SOC 330)
|
| 541 |
1 |
|
|a Donated By Akbar Ali Khan
Essence science publication(18785)
|e 18785, 39595
|
| 610 |
2 |
0 |
|a International Monetary Fund
|z Developing countries.
|9 51632
|
| 650 |
|
0 |
|a International economic integration.
|9 51633
|
| 650 |
|
0 |
|a Foreign trade regulation.
|9 51634
|
| 650 |
|
0 |
|a International finance.
|9 51635
|
| 650 |
|
0 |
|a Economics.
|9 51638
|
| 650 |
|
0 |
|a Globalization
|x Economic aspects
|z Developing countries.
|9 51636
|
| 651 |
|
0 |
|a United States
|x Commercial policy.
|9 51637
|
| 852 |
4 |
|
|a Ayesha Abed Library
|c General Stacks
|
| 942 |
|
|
|2 ddc
|c BK
|
| 999 |
|
|
|c 2186
|d 2186
|
| 952 |
|
|
|0 0
|1 0
|2 ddc
|4 0
|6 337_STI
|7 0
|9 2014
|a BRACUL
|b BRACUL
|c GEN
|d 2009-07-09
|e Essence science publication
|g 1156.00
|l 15
|m 12
|o 337 STI
|p 3010018785
|r 2022-06-28
|s 2022-06-26
|t 1
|w 2009-07-09
|y BK
|x Requisitioned by Fahmida Saadia Rahman Department of ESS. Course name and no. N/A (SOC 330)
|
| 952 |
|
|
|0 0
|1 0
|2 ddc
|4 0
|6 337_000000000000000_STI
|7 0
|9 55016
|a BRACUL
|b BRACUL
|c GEN
|d 2015-07-29
|e Riza Enterprise
|g 1770.00
|l 7
|m 44
|o 337 STI
|p 3010029553
|r 2026-01-31
|s 2025-10-09
|t 2
|w 2015-07-29
|y BK
|
| 952 |
|
|
|0 0
|1 0
|2 ddc
|4 0
|6 337_000000000000000_STI
|7 1
|9 71890
|a BRACUL
|b BRACUL
|c CS1
|d 2022-09-27
|e Donated by Akbar Ali Khan
|l 0
|o 337 STI
|p 3010039595
|r 2022-09-27
|t 3
|w 2022-09-27
|y BK
|